University Home | Library Home | Institutional Repository

The 12 - type enneagram : (Record no. 216439)

MARC details
000 -LEADER
fixed length control field 00675 a2200229 4500
005 - DATE AND TIME OF LATEST TRANSACTION
control field 20260319144158.0
008 - FIXED-LENGTH DATA ELEMENTS--GENERAL INFORMATION
fixed length control field 260319b ||||| |||| 00| 0 eng d
020 ## - INTERNATIONAL STANDARD BOOK NUMBER
International Standard Book Number 9781780288185
040 ## - CATALOGING SOURCE
Original cataloging agency LC
Transcribing agency UNZA
Description conventions RDA
050 ## - LIBRARY OF CONGRESS CALL NUMBER
Classification number BF 698.35
Item number CAM 2015
100 ## - MAIN ENTRY--PERSONAL NAME
Personal name Campling, Matthew
Relator term author
245 ## - TITLE STATEMENT
Title The 12 - type enneagram :
Remainder of title know your type improve your life /
Statement of responsibility, etc. Matthew Campling.
260 ## - PUBLICATION, DISTRIBUTION, ETC.
Place of publication, distribution, etc. London :
Name of publisher, distributor, etc. Watkins Publishers,
Date of publication, distribution, etc. 2015.
300 ## - PHYSICAL DESCRIPTION
Extent 249 pages.
336 ## - CONTENT TYPE
CONTENT TYPE Text
337 ## - MEDIA TYPE
MEDIA TYPE Unmediated
338 ## - CARRIER TYPE
CARRIER TYPE Volume
504 ## - BIBLIOGRAPHY, ETC. NOTE
Bibliography, etc. note Include index.
650 ## - SUBJECT ADDED ENTRY--TOPICAL TERM
Topical term or geographic name entry element Enneagram (Personality classification)
650 ## - SUBJECT ADDED ENTRY--TOPICAL TERM
Topical term or geographic name entry element Personality (Psychology)
999 ## -
-- 216439
-- 216439
942 ## - ADDED ENTRY ELEMENTS (KOHA)
Koha item type Book
Holdings
Withdrawn status Lost status Source of classification or shelving scheme Damaged status Not for loan Collection code Home library Current library Shelving location Date acquired Source of acquisition Cost, normal purchase price Total Checkouts Full call number Barcode Date last seen Copy number Cost, replacement price Price effective from Koha item type
    Library of Congress Classification     Non-fiction Main Library Main Library On Shelf 03/18/2026 Donation 300.00   BF 698.35 CAM 2015 33729006810183 03/18/2026 1 300.00 03/18/2026 Book
    Library of Congress Classification     Non-fiction Main Library Main Library On Shelf 03/18/2026 Donation 300.00   BF 698.35 CAM 2015 33729006809888 03/18/2026 2 300.00 03/18/2026 Book
© 2026 - The University of Zambia Library - Koha v25.11